VPLYV ZMIEN HLADÍN PODZEMNEJ VODY V BLÍZKOSTI SVD GABČÍKOVO NA VODNÚ BILANCIU PÔDY

Bibliographic Details
Main Authors: Novák, Viliam (Author), Šútor, Július, 1935-2016 (Author), Majerčák, Juraj (Author)
Format: Article
Language:Slovak

MARC

LEADER 00000naa a2200000uu 4500
001 vtls011085148
003 SK-MaSNL
005 20260302105130.0
008 210910|1995 xo |||||||||||||||||slo|
015 |a SNBRA 
035 |a (urnnbn)urn:nbn:sk:snk:ar-a0cls9 
035 |a (uuid)be2e0051-e463-426a-9f80-3a3f4ffca370 
035 |a urn:nbn:sk:snk-aavro6 
040 |a SNKBUCL  |b slo  |c SNKBUCL  |e AACR2 
041 0 |a slo 
044 |a xo  |c SK 
100 1 |a Novák, Viliam  |4 aut  |9 449451 
245 1 0 |a VPLYV ZMIEN HLADÍN PODZEMNEJ VODY V BLÍZKOSTI SVD GABČÍKOVO NA VODNÚ BILANCIU PÔDY  |c Viliam NOVÁK, Július ŠÚTOR, Juraj MAJERČÁK 
700 1 |a Šútor, Július,  |d 1935-2016  |4 aut  |9 180093 
700 1 |a Majerčák, Juraj  |4 aut  |9 6263 
773 0 |t Dunaj - tepna Európy  |d Bratislava : T.R.T.MDIUM, 1995  |g S. 289-293 
958 |a OND 
958 |a article12 
958 |a chapter 
999 |c 1237488  |d 1239418